Comparison of the Fee Tools in the Area of Waste Management in the EU

Saved in:
Bibliographic Details
Main Author: Palaščáková, Daniela
Other Authors: Janošková, Mária, 1965-
Format: Book Chapter
Language:English
Tags: Add Tag
No Tags, Be the first to tag this record!

MARC

LEADER 00000naa$a2200000$$$4500
001 0306199
005 20250115114224.3
041 0 |a eng 
044 |a SK 
245 1 0 |a Comparison of the Fee Tools in the Area of Waste Management in the EU  |c Daniela Palaščáková, Mária Janošková 
100 1 |a Palaščáková, Daniela 
700 1 |a Janošková, Mária, 1965-